Monografia 77 Pomorskiej Drużyny Harcerskiej w Gdyni
| Titel: | Monografia 77 Pomorskiej Drużyny Harcerskiej w Gdyni |
|---|---|
| Verfasser: | |
| In: |
Rocznik Gdyński, Band 4 (1983), Seite 197-208 alle Artikel anzeigen |
| Veröffentlicht: | 1983 [1984] |
| Format: | Aufsatz |
| Sprache: | Polnisch |
X
alg: 39193064 001A $01999:11-11-16 001B $01999:26-04-21 $t20:13:12.000 001D $01999:11-11-16 001U $0utf8 001X $00 002@ $0Aox 003@ $0391930648 007A $0391930648 $aHEB 007T $0Herd22086 010@ $apol 011@ $a1983 $n1983 [1984] 021A $aMonografia 77 Pomorskiej Drużyny Harcerskiej w Gdyni 027A $aMonographie der 77. Pommerischen Pfadfindermannschaft in Gdingen 028A $aKański $dAndrzej 031A $d4 $h197-208 $j1983 039B $aIn $8--Abvc--. Rocznik Gdyński. - Gdynia, 1978-. - ISSN 0137-4044 $x198300000040000803 $9090559797 045F $a306.094382 $eDDC23BSB 045F/01 $a306.09 045F/03 $g4382 045F/03 $g43832 046C $aMonographie der 77. Pommerischen Pfadfindermannschaft in Gdingen $bÜbers. des Hauptsacht. lok: 39193064 78 exp: 39193064 78 1 #EPN 201B/01 $026-06-18 $t22:53:12.000 201U/01 $0utf8 203@/01 $078802647X 208@/01 $a11-11-16 $be 209A/01 $a/ $f000 $x00 220C/01 $aTitelaufnehmer: kl 244Z/01 $2Trx $#Prusy Wschodnie i Zachodnie $8--Trx--Ost- und Westpreußen $x01 $939113373X 244Z/01 $#Gdynia $#Gdingen $#Gotenhafen $#Gdingen Gdynia $72011183-6 $8--Tg1--Gdynia $x02 $9042666600 244Z/01 $2Trx $#skaudid $#skautai $#Scouts $#cserkészet $#harcerstwo $#skauti $#skauti $#harcerze $8--Trx--Pfadfinder $x03 $9391364650 244Z/01 $2Trx $8--Trx--Zeitschriftenaufsatz $x04 $9391384341 245Z/01 $a13.03 $x01 245Z/01 $a09.08 $x02 247C/01 $82080>Marburg/Lahn, Herder-Institut, Forschungsbibliothek, Bibliographieportal $9336309341
| LEADER | 00000caa a22000002c 4500 | ||
|---|---|---|---|
| 001 | 391930648 | ||
| 003 | DE-603 | ||
| 005 | 20210426201312.0 | ||
| 007 | tu | ||
| 008 | 161111s1983 xx |||| | u00||u|pol c | ||
| 035 | |a (DE-599)HEB391930648 | ||
| 040 | |a DE-603 |b ger |c DE-603 |d DE-603 | ||
| 041 | |a pol | ||
| 082 | 0 | 4 | |8 1\u |a 306.094382 |q DE-101 |2 23/BSB |
| 085 | |8 1\u |b 306.09 | ||
| 085 | |8 1\u |z 2 |s 4382 | ||
| 085 | |8 1\u |z 2 |s 43832 | ||
| 100 | 1 | |a Kański, Andrzej | |
| 245 | 0 | 0 | |a Monografia 77 Pomorskiej Drużyny Harcerskiej w Gdyni |
| 246 | 1 | |i Übers. des Hauptsacht. |a Monographie der 77. Pommerischen Pfadfindermannschaft in Gdingen | |
| 246 | 1 | 3 | |a Monographie der 77. Pommerischen Pfadfindermannschaft in Gdingen |
| 264 | 0 | |c 1983 [1984] | |
| 773 | 0 | 8 | |i In |t Rocznik Gdyński |d Gdynia, 1978- |x 0137-4044 |g Band 4 (1983), Seite 197-208 |w (DE-603)090559797 |w (DE-600)2008589-8 |
| 924 | 0 | |9 2080 |a (DE-603)78802647X |b DE-2080 |c HES |d d |g / | |


